Online
Catalog

El filibustero / (Record no. 39772)

MARC details
000 -CABECERA
campo de control de longitud fija 00616nam a2200181 a 4500
001 - NÚMERO DE CONTROL
campo de control 000040282
005 - FECHA Y HORA DE LA ÚLTIMA TRANSACCIÓN
campo de control 20201002034030.0
008 - DATOS DE LONGITUD FIJA--INFORMACIÓN GENERAL
campo de control de longitud fija 130802s2004 mx 000 0 spa d
020 ## - NÚMERO INTERNACIONAL ESTÁNDAR DEL LIBRO
Número Internacional Estándar del Libro 9703204732
040 ## - FUENTE DE LA CATALOGACIÓN
Centro catalogador/agencia de origen DO-SdBNP
Lengua de catalogación spa
Centro/agencia transcriptor BNPHU
100 1# - ENTRADA PRINCIPAL--NOMBRE DE PERSONA
Nombre de persona Sierra O'Reilly,Justo
Fechas asociadas al nombre 1904-1974
9 (RLIN) 66557
245 10 - MENCIÓN DE TÍTULO
Título El filibustero /
Mención de responsabilidad, etc. Justo Sierra O'Reilly ; introducción Hernán Lara Zavala.
260 ## - PUBLICACIÓN, DISTRIBUCIÓN, ETC.
Lugar de publicación, distribución, etc. México :
Nombre del editor, distribuidor, etc. Universidad Nacional Autónoma de México,
Fecha de publicación, distribución, etc. 2004.
300 ## - DESCRIPCIÓN FÍSICA
Extensión 54 p. ;
Dimensiones 18 cm.
490 1# - MENCIÓN DE SERIE
Mención de serie Relato Licenciado Vidriera
Designación de volumen o secuencia 6
700 1# - PUNTO DE ACCESO ADICIONAL--NOMBRE DE PERSONA
Nombre de persona Zavala, Lara
9 (RLIN) 66558
830 #0 - PUNTO DE ACCESO ADICIONAL DE SERIE-TÍTULO UNIFORME
Título uniforme Relato Licenciado Vidriera
Designación de volumen o secuencia 6
9 (RLIN) 66234
Holdings
Estado de retiro Estado de pérdida Restricciones de uso No para préstamo Código de colección Localización permanente Ubicación/localización actual Ubicación en estantería Fecha de adquisición Número de inventario Total de préstamos Signatura topográfica completa Código de barras Fecha visto por última vez Precio válido a partir de Tipo de ítem Koha
        Monografías: Libros y Folletos General General Orden iniciada 21.08.2013 LF1   40282-10 25.06.2020 25.06.2020 No se presta
        Monografías: Libros y Folletos General General Orden iniciada 21.08.2013 LF1   40282-20 25.06.2020 25.06.2020 No se presta
        Monografías: Libros y Folletos General General Orden iniciada 21.08.2013 LF1   40282-30 25.06.2020 25.06.2020 No se presta

Powered by Koha